| 000 | 00768nam a2200205Ia 4500 | ||
|---|---|---|---|
| 003 | GCL | ||
| 008 | 140319s9999 xx 000 0 ara d | ||
| 040 |
_aGCL / _cGCL |
||
| 082 | 0 | 4 |
_a212.3 _bع ب |
| 100 | 1 | _aعبدالحكم عبداللطيف الصعيدى | |
| 245 | 1 | 0 |
_aبدائع الاقوال فيما يروجه الجهال من البدع والافعال والاعتدال فيما اشاع عن البدعة من اقوال / _cعبدالحكم عبداللطيف الصعيدى |
| 260 |
_a[S.N] : _bمركز الكتاب للنشر ، _c1993 |
||
| 300 | _a48 ص | ||
| 490 | _a | ||
| 650 | 0 | 4 | _aالسنة النبوية |
| 650 | 0 | 4 | _aالبدع فى الاسلام |
| 650 | 0 | 4 | _aسور دينية |
| 650 | 0 | 4 | _aالتشاؤم |
| 942 |
_2ddc _cBK |
||
| 999 |
_c49017 _d49017 |
||